| 000 | 00337nam a2200133Ia 4500 | ||
|---|---|---|---|
| 005 | 20251222154319.0 | ||
| 008 | 251222s9999||||xx |||||||||||||| ||spa|| | ||
| 020 | _a978-84-8086-902-7 | ||
| 082 | _a612/G98 | ||
| 100 | _a"Guyton, Arthur C.Hall, John E." | ||
| 245 | 0 | _aCompendio de fisiología médica | |
| 250 | _a12a.ed. | ||
| 942 | _cLIB | ||
| 999 |
_c33708 _d33708 |
||